Interkultúrna komunikácia v poisťovníctve

Pojem kultúra a interkultúrna komunikácia. Interkultúrna komunikácia v poisťovníctve.

Uložené v:
Podrobná bibliografia
Hlavný autor: Bláhová, Mária
Médium: Kapitola
Jazyk:Slovak
Predmet:
Tagy: Pridať tag
Žiadne tagy, Buďte prvý, kto otaguje tento záznam!

MARC

LEADER 00000nla$a2200000$$$4500
001 0105584
005 20240502072154.0
041 0 |a slo 
044 |a SK 
245 1 0 |a Interkultúrna komunikácia v poisťovníctve  |c Mária Bláhová 
520 |a Pojem kultúra a interkultúrna komunikácia. Interkultúrna komunikácia v poisťovníctve. 
610 2 0 |a komunikácia interná 
610 2 0 |a poistenie 
610 2 0 |a kultúra 
610 2 0 |a zručnosti 
610 2 0 |a poisťovníctvo 
100 1 |a Bláhová, Mária